Encyclopedia of family health / (Record no. 1981)
[ view plain ]
| 000 -LEADER | |
|---|---|
| fixed length control field | 01086cam a2200337 a 4500 |
| 003 - CONTROL NUMBER IDENTIFIER | |
| control field | OSt |
| 005 - DATE AND TIME OF LATEST TRANSACTION | |
| control field | 20210818060652.0 |
| 008 - FIXED-LENGTH DATA ELEMENTS--GENERAL INFORMATION | |
| fixed length control field | 031119s2004 nyu be 001 0 eng |
| 020 ## - INTERNATIONAL STANDARD BOOK NUMBER | |
| International Standard Book Number | 0761474943 (set) |
| 040 ## - CATALOGING SOURCE | |
| Transcribing agency | DLC |
| 042 ## - AUTHENTICATION CODE | |
| Authentication code | pcc |
| 050 00 - LIBRARY OF CONGRESS CALL NUMBER | |
| Classification number | REF RC81.A2 |
| Item number | .E5 2005 |
| 090 ## - LOCALLY ASSIGNED LC-TYPE CALL NUMBER (OCLC); LOCAL CALL NUMBER (RLIN) | |
| Classification number (OCLC) (R) ; Classification number, CALL (RLIN) (NR) | 610.3 ENC |
| 245 00 - TITLE STATEMENT | |
| Title | Encyclopedia of family health / |
| Statement of responsibility, etc. | David B. Jacoby, Robert M. Youngson. |
| 250 ## - EDITION STATEMENT | |
| Edition statement | Third edition |
| 260 ## - PUBLICATION, DISTRIBUTION, ETC. | |
| Place of publication, distribution, etc. | Tarrytown, NY : |
| Name of publisher, distributor, etc. | Marshall Cavendish, |
| Date of publication, distribution, etc. | 2004. |
| 263 ## - PROJECTED PUBLICATION DATE | |
| Projected publication date | 0411 |
| 300 ## - PHYSICAL DESCRIPTION | |
| Extent | 18 volumes ; |
| Dimensions | 29 cm. |
| 336 ## - CONTENT TYPE | |
| Content type term | text |
| Content type code | txt |
| Source | rdacontent |
| 337 ## - MEDIA TYPE | |
| Media type term | unmediated |
| Media type code | n |
| Source | rdamedia |
| 338 ## - CARRIER TYPE | |
| Carrier type term | volume |
| Carrier type code | nc |
| Source | rdacarrier |
| 504 ## - BIBLIOGRAPHY, ETC. NOTE | |
| Bibliography, etc. note | Includes bibliographical references and index. |
| 650 #0 - SUBJECT ADDED ENTRY--TOPICAL TERM | |
| Topical term or geographic name entry element | Medicine, Popular |
| Form subdivision | Encyclopedias. |
| 650 #0 - SUBJECT ADDED ENTRY--TOPICAL TERM | |
| Topical term or geographic name entry element | Health |
| Form subdivision | Encyclopedias. |
| 700 1# - ADDED ENTRY--PERSONAL NAME | |
| Personal name | Jacoby, David B. |
| 700 1# - ADDED ENTRY--PERSONAL NAME | |
| Personal name | Youngson, R. M. |
| 710 2# - ADDED ENTRY--CORPORATE NAME | |
| Corporate name or jurisdiction name as entry element | Marshall Cavendish Corporation. |
| 906 ## - LOCAL DATA ELEMENT F, LDF (RLIN) | |
| a | BF:14:0 |
| -- | DP:0:1 |
| -- | EB:5:5 |
| -- | GHP:3:0 |
| -- | GW:2:0 |
| -- | HC:1:14 |
| -- | JO:1:0 |
| -- | PE:0:1 |
| -- | PR:0:8 |
| -- | RD:0:1 |
| -- | RS:3:0 |
| -- | RX:0:1 |
| 942 ## - ADDED ENTRY ELEMENTS (KOHA) | |
| Source of classification or shelving scheme | |
| Koha item type | References |
| Suppress in OPAC | IO |
| 948 ## - LOCAL PROCESSING INFORMATION (OCLC); SERIES PART DESIGNATOR (RLIN) | |
| Series part designator, SPT (RLIN) | 07/04/2005 |
| b (OCLC) | 29/04/2005 |
| Withdrawn status | Lost status | Source of classification or shelving scheme | Damaged status | Not for loan | Permanent Location | Current Location | Shelving location | Date acquired | Source of acquisition | Total Checkouts | Full call number | Barcode | Date last seen | Copy number | Price effective from | Koha item type | Public note |
|---|---|---|---|---|---|---|---|---|---|---|---|---|---|---|---|---|---|
| AU LIBRARY | AU LIBRARY | Reference | 05.07.2021 | Donation from MU | REF RC81.A2 .E5 2005 C1 | 28004282 | 05.07.2021 | 1 | 05.07.2021 | References | IO | ||||||
| AU LIBRARY | AU LIBRARY | Reference | 05.07.2021 | Donation from MU | RC81.A2 .E5 2005 C2 | 28004281 | 05.07.2021 | 2 | 05.07.2021 | References | IO | ||||||
| AU LIBRARY | AU LIBRARY | Reference | 05.07.2021 | Donation from MU | REF RC 81 .A2.E5 2005 C3 | 28004280 | 05.07.2021 | 3 | 05.07.2021 | References | IO | ||||||
| AU LIBRARY | AU LIBRARY | Reference | 05.07.2021 | Donation from MU | REF RC81 .E5 2005 C4 | 28004279 | 05.07.2021 | 4 | 05.07.2021 | References | IO | ||||||
| AU LIBRARY | AU LIBRARY | Reference | 25.03.2022 | DONATION FROM MOI UNIVERSITY | REF RC81.A2 .E5 2005 C5 | 28007065 | 25.03.2022 | 5 | 25.03.2022 | References | JO |